Pasta by Shapes - Statistics

General Stats
  • This quiz has been taken 283 times
  • The average score is 9 of 14
Answer Stats
Picture Answer % Correct
Lasagna
96%
Spaghetti
96%
Penne
93%
Ravioli
89%
Macaroni
82%
Gnocchi
81%
Tortellini
72%
Farfalle
64%
Fusilli
64%
Rigatoni
59%
Fettuccine
42%
Orecchiette
23%
Bucatini
20%
Ditalini
12%
No matching quizzes found
Score Distribution
Percent of People with Each Score
Percentile by Number Answered
Your Score History
You have not taken this quiz